| 000 | 00693nam a2200205Ia 4500 | ||
|---|---|---|---|
| 003 | OSt | ||
| 005 | 20240514142807.0 | ||
| 008 | 210210b1998 xxu||||| |||| 00| 0 eng d | ||
| 040 |
_aAL _c |
||
| 041 | _aKannada | ||
| 082 | _aK894.8 MAHA | ||
| 100 |
_aMAHAMMAD PIR. _925106 _dಮಹಮದ್ ಪೀರ್ |
||
| 245 |
_aAnaupacharika shikshana mattu samudayika abhivraddhi _bಅನೌಪಚಾರಿಕ ಶಿಕ್ಷಣ ಮತ್ತು ಸಮುದಾಯಿಕ ಅಭಿವೃದ್ಧಿ |
||
| 260 |
_aMangaluru _bMangaluru Vishvavidyalaya _c1998 |
||
| 300 | _ax,84 | ||
| 650 |
_aNavasaksharate _925107 |
||
| 690 |
_aKannada Miscellaneous _925108 |
||
| 906 | _a054209 | ||
| 942 |
_2ddc _cBK |
||
| 999 |
_c102065 _d102065 |
||